=LDR 00000nam 2200000 4500 =001 INLIS000000000037601 =005 20130612143327 =008 ***********************************Ind** =035 ##$$a0010-061300000037601 =041 ##$$a Ind =082 ##$$a 158.1 =090 ##$$a 158.1, Dar p =100 ##$$a Darmawangsa, Darmadi =245 ##$$a Pattens of success, 7 strategi sukses champion meraih keberhasilan pncak, Darmadi Darmawansa =260 ##$$a 2011 $b Jakarta =300 ##$$a xv, 386 hlm, ilus, 23 cm =650 ##$$a Sukses aspek psikologi =850 ##$$a NBPNMAT =990 ##$$a 0001/BPAP-NTB/20142014